LEADER 02224oam 2200529I 450 001 9910712844203321 005 20200131090504.0 035 $a(CKB)5470000002497742 035 $a(OCoLC)1130596859 035 $a(EXLCZ)995470000002497742 100 $a20191211j201904 ua 0 101 0 $aeng 135 $aur||||||a|||| 181 $ctxt$2rdacontent 182 $cc$2rdamedia 183 $acr$2rdacarrier 200 00$aGuidance on the development of modeled emission rates for precursors (MERPs) as a Tier 1 demonstration tool for ozone and PM2.5 under the PSD permitting program 210 1$aResearch Triangle Park, NC :$cU.S. Environmental Protection Agency, Office of Air Quality Planning and Standards, Air Quality Assessment Division, Air Quality Modeling Group,$dApril 2019. 215 $a1 online resource (71 pages) $cillustrations (chiefly color), maps (chiefly color) 300 $a"EPA-454/R-19-003." 300 $a"April 2019" 320 $aIncludes bibliographical references (pages 61-63). 517 $aGuidance on the development of modeled emission rates for precursors 606 $aAir quality management$zUnited States 606 $aAir quality$xMathematical models 606 $aAir$xPollution$xStandards$zUnited States 606 $aAir$xPollution$xMeasurement 606 $aAir$xPollution$xStandards$2fast 606 $aAir quality management$2fast 606 $aAir quality$xMathematical models$2fast 607 $aUnited States$2fast 615 0$aAir quality management 615 0$aAir quality$xMathematical models. 615 0$aAir$xPollution$xStandards 615 0$aAir$xPollution$xMeasurement. 615 7$aAir$xPollution$xStandards. 615 7$aAir quality management. 615 7$aAir quality$xMathematical models. 712 02$aUnited States.$bEnvironmental Protection Agency.$bAir Quality Modeling Group, 801 0$bEKB 801 1$bEKB 801 2$bOCLCF 801 2$bGPO 906 $aBOOK 912 $a9910712844203321 996 $aGuidance on the development of modeled emission rates for precursors (MERPs) as a Tier 1 demonstration tool for ozone and PM2.5 under the PSD permitting program$93282366 997 $aUNINA LEADER 02899 am 22006493u 450 001 9910162787803321 005 20231114051625.0 010 $a1-4875-1180-9 010 $a1-4875-1471-9 010 $a1-4875-1179-5 024 7 $a10.3138/9781487511791 035 $a(CKB)3710000001042727 035 $a(MiAaPQ)EBC4793277 035 $a(DE-B1597)498637 035 $a(OCoLC)1054877537 035 $a(DE-B1597)9781487511791 035 $a(OCoLC)971364964 035 $a(ScCtBLL)b7053389-c4fd-49f3-aa60-389786502d80 035 $a(oapen)https://directory.doabooks.org/handle/20.500.12854/30803 035 $a(OCoLC)970693924 035 $a(MdBmJHUP)musev2_109079 035 $a(EXLCZ)993710000001042727 100 $a20180829d2018 fg 101 0 $aeng 135 $aurcnu|||||||| 181 $ctxt$2rdacontent 182 $cc$2rdamedia 183 $acr$2rdacarrier 200 10$aWriting Beloveds $eHumanist Petrarchism and the Politics of Gender /$fAileen Feng 210 $cUniversity of Toronto Press$d2016 210 1$aToronto : $cUniversity of Toronto Press, $d[2018] 210 4$dİ2017 215 $a1 online resource (266 pages) 225 0 $aToronto Italian Studies 311 08$aPrint version (hardback): 9781487500771 320 $aIncludes bibliographical references and index. 327 $aWomen of stone : gender and politics in the Petrarchan world -- In Laura's shadow : gendered dialogues and humanist Petrarchism in the fifteenth century -- Laura speaks : sisterhood, amicitia, and marital love in the female Latin Petrarchist writings of the fifteenth century -- Theorizing gender : nation building and female mythology in Ciceronian quarrel -- Politicizing gender : Bembo's private and public Petrarchism. 330 $a"This study considers the way in which a poetic convention, the beloved to whom Renaissance amatory poetry was addessed, becomes influential political rhetoric, an instrument that both men and women used to shape and justify their claims to power. The author argues that Petrarchan poetic conventions were part of a social discourse that signaled anxiety concerning the rising place of women as intellectual interlocators, public figures, and patrons of the arts."--$cProvided by publisher 606 $aItalian poetry$y16th century$xHistory and criticism 608 $aCriticism, interpretation, etc.$2fast 610 $aLiterature 610 $aBembo 610 $aCicero 610 $aMedusa 610 $aPetrarch 610 $aPetrarchan sonnet 610 $aPhilosophy of love 610 $aRenaissance humanism 615 0$aItalian poetry$xHistory and criticism. 676 $a851/.409 700 $aFeng$b Aileen, $0967675 801 0$bDE-B1597 801 1$bDE-B1597 906 $aBOOK 912 $a9910162787803321 996 $aWriting Beloveds$92197264 997 $aUNINA